MDQL
is popping MORE tags! Check the
thread
!
Quizzes
Events
Quiz Creation
Community
Videos
Private Events
Remove Ads
Sign In
Join for FREE
Feedback
Dark Mode
Quiz Categories
Sports
Geography
Music
Movies
Television
Just For Fun
Miscellaneous
History
Literature
Language
Science
Gaming
Entertainment
Religion
Holiday
For Kids
Quiz Lab
Recent
Popular Today
Quiz Kudos Today
Editor Picks
Curator Picks
Quizzes by...
Day
Popularity
Type
Ratings
Length
Year
Community
Subscriptions
Recent Discussions
Orange Saloon
Badges
Playlists
Quests
Create
Leaderboards
Showdown
Live 5
Trivia Bingo
Activity
Puzzle Library
Sporcle Events
Private Events
Virtual Trivia
Globe League
Become a Host
Pub Owners
SporcleCon
Opinionation
Our Games
Videos
Blog
Mobile Apps
Partnerships
Remove Ads and Go Orange
Feedback
Movies
Disney
Marvel Cinematic Universe
Movie Resume
Movie Titles
Oscar
Actor
Actress
Director
Pixar
Role
Movie Quotes
Movie Characters
Box Office
Nominee
Best Picture
Star Wars
James Bond
Horror Movies
Movies
Disney
Marvel Cinematic Universe
Movie Resume
Movie Titles
Oscar
Actor
Actress
Director
Pixar
Role
Movie Quotes
Movie Characters
Box Office
Nominee
Best Picture
Star Wars
James Bond
Horror Movies
Random Quiz
Search Sporcle
×
Quiz Lab
Quiz Lab
Movies
Animal
Type in answers that appear in a list
Type in answers that appear in a list
Classic
Best Score? Go Orange.
Films With Animals In The Title Stats
Can you name the Missing animals from the film titles?
By
sammicore77
6m
50 Questions
356 Plays
356 Plays
356 Plays
Comments
Comments
Give Quiz Kudos
Give Quiz Kudos
-
- Ratings
hide this ad
Forced Order
Answers have to be entered in order
Answers have to be entered in order
Replay
Link that replays current quiz
Next Quiz
Link to next quiz in quiz playlist
You Got
0%
They Got
Avg Score
48%
Avg Friend Score
Upgrade to see
Score Distribution
Jump to the score distribution portion of the page
Score
0/50
Timer
06:00
0
Plays Today
Film Title
Missing Animal
% Correct
_
_
_
_
_
_
_
On A Plane
Snakes
92.4%
Silence of The _
_
_
_
_
_
_
_
_
Lambs
87.1%
Teenage Mutant Ninja _
_
_
_
_
_
_
_
_
Turtles
72.5%
Planet Of The _
_
_
_
_
Apes
69.7%
The _
_
_
_
_
_
Hunter
Deer
65.7%
The _
_
_
_
_
Whisperer
Horse
65.7%
Dances with _
_
_
_
_
_
_
Wolves
65.4%
Kung Fu _
_
_
_
_
_
_
_
Panda
65.2%
Yogi _
_
_
_
_
_
Bear
63.2%
_
_
_
_
_
juice
Beetle
62.6%
_
_
_
man Begins
Bat
62.1%
Raging _
_
_
_
Bull
62.1%
Babe: _
_
_
In the City
Pig
62.1%
The _
_
_
and The Hound
Fox
61.8%
A _
_
_
_
_
Called Wanda
Fish
61%
Alvin & The _
_
_
_
_
_
_
_
_
_
_
Chipmunks
60.7%
One Flew Over the _
_
_
_
_
_
_
Nest
Cuckoo's
59.3%
All _
_
_
_
Go To Heaven
Dogs
59%
The _
_
_
_
_
_
of the Baskervilles
Hound
59%
Who Framed Roger _
_
_
_
_
_
_
Rabbit
59%
101 _
_
_
_
_
_
_
_
_
_
_
Dalmatians
55.6%
Crouching _
_
_
_
_
_
Hidden Dragon
Tiger
54.2%
_
_
_
_
on a Hot Tin Roof
Cat
52.8%
The _
_
_
_
_
has landed
Eagle
52.2%
_
_
_
_
Durham
Bull
52%
Film Title
Missing Animal
% Correct
The Taming of the _
_
_
_
_
_
_
_
Shrew
51.7%
_
_
_
_
_
_
_
in The Mist
Gorillas
51.1%
The _
_
_
_
_
_
That Roared
Mouse
49.2%
_
_
_
_
Ballou
Cat
46.1%
_
_
_
_
_
_
_
On A Wire
Bird
46.1%
Teen_
_
_
_
_
_
Wolf
45.5%
Twelve _
_
_
_
_
_
_
_
_
Monkeys
44.1%
The Men Who Stare at _
_
_
_
_
_
_
_
Goats
43.8%
Wallace & Gromit: Curse of the were_
_
_
_
_
_
Rabbit
40.4%
_
_
_
_
_
_
_
Little
Chicken
35.7%
March of the _
_
_
_
_
_
_
_
_
_
Penguins
35.4%
The _
_
_
_
_
_
_
_
Effect
Butterfly
34%
_
_
_
_
_
_
_
_
Run
Chicken
34%
Day Of The _
_
_
_
_
_
Jackal
30.9%
The _
_
_
Bully
Ant
29.8%
Hudson _
_
_
_
_
_
_
Hawk
28.7%
The Desert _
_
_
_
Rats
28.1%
_
_
_
_
_
_
_
_
_
_
Jack
Kangaroo
27.8%
_
_
_
_
_
_
Tale
Shark
25.8%
Three days of the _
_
_
_
_
_
Condor
24.7%
Carry On Follow That _
_
_
_
_
_
_
Camel
19.4%
_
_
_
_
Soldiers
Dog
18.5%
Paper _
_
_
_
_
_
Lion
10.7%
The Red _
_
_
_
_
Pony
8.7%
The Million Dollar _
_
_
_
_
_
Duck
7.6%
Quiz Playlist
Details
Report
Send in Message
Add To Playlist
Classic:
Type in answers that appear in a list
Forced Order:
Answers have to be entered in order
Last Updated: Feb 16, 2017
Quiz Scoreboard
CHALLENGE
Sign Up to Join the Scoreboard
Show All
Scores
Hide
Comments
May contain spoilers
Recently Published
Holiday 10x10 Sorting Gallery
by lukepisani3
Holiday
15m
Two Season TV Shows II
by 123Four
Television
10m
Image Sorting: Flags VI
by Barbecue
Geography
2m
More to Explore
Quiz From the Vault
Featured Blog Post
14 Easter Pick-up Lines to Find Eggs With
hide this ad
You Might Also Like...
Tags
Animal Quiz
Today's Top Quizzes in Movies
Browse Movies
hide this ad
Today's Top Quizzes in Animal
Browse Animal
Top Contributed Quizzes in Movies
1
The ultimate James Bond movie quiz
2
Find The 'Big' Movie
3
Find The 'Wild' Movie
4
Find The 'Blue' Movie
5
Movies By Plot
6
Hidden Star Wars Character II
7
Hidden Star Wars Character III
8
25 Best Actor Nominees (1990s)
9
Hidden Star Wars Character IV
10
Pick 5 Posters: Directed by Spielberg
Explore More
Trending Topics
Anime
Marvel
Harry Potter
Kpop
Crossword
NBA
Disney
Soccer
Country
Puzzle
Pokémon
NFL
WWE
The Office
Song
hide this ad
More By:
sammicore77
Quiz
Plays
Rating
Category
Featured
Created
English Footballs Highest Transfer Fees
678
4.20
Sports
Apr 28, 2012
Countries That Queen Elizabeth II is Head of State Of
504
4.43
Geography
Mar 7, 2012
Films With Animals In The Title
356
1.71
Movies
Jul 19, 2012
Famous Belgians
83
5.00
Just For Fun
Jul 16, 2012
English Football Champions
32
3.00
Sports
Feb 26, 2012
Go to Creator's Profile
Score Distribution
Quiz Creator Spotlight
sammicore77
Follow
Send a Message
Quizzes Created
-
Created Quiz Play Count
-
More By This Creator
Popular Quizzes Today
1
Find the US States - No Outlines Minefield
2
Colored Red Africa Blitz
3
Find the 'City' Movie
4
The Countries of the World
5
5x2 Blitz: Bands
6
Find the Countries of Europe - No Outlines Minefield
7
Find the US States
8
US States
More Movies Quizzes
Sigourney Weaver Movies
Published
Trending Quizzes
Colored Red Europe Blitz I
Colored Red Africa Blitz II
Colored Red Europe Blitz II
Even More Two Season TV Shows
Colored Red Africa Blitz III
Recently Updated
Quick Pick: 20 Twenties
pecheneg
March Madness Men's Triple Doubles
pecheneg
How Do You Spell That?
pecheneg
Godzilla Movies
pecheneg
Grab Bag: 4-10 Letters
pecheneg
2024 March Madness Bracket
pecheneg
Famous TV Couples
Peacemaker
Champions League XIs: Real Madrid
pecheneg
Largest US Cities 1790-2010
pecheneg
Rides in Walt Disney World
pecheneg
Trending Topics
Disney
Kpop
Anime
Marvel
Harry Potter
NBA
Crossword
Song
Soccer
Pokémon
Country
The Office
Puzzle
WWE
NFL
Your Account Isn't Verified!
In order to create a playlist on Sporcle, you need to verify the email address you used during registration. Go to your
Sporcle Settings
to finish the process.
Report this User
Report this user for behavior that violates our
Community Guidelines
.
Details:
Send Report
Go to the Sporcle.com Mobile Site →
Comments